000 00755nam a2200253 i 4500
001 34193
003 BD-RjUL
005 20211209052124.0
008 140514t1975 ii b 001 0 eng d
035 _a(BD-RjUL)34287
040 _aDLC
_cDLC
_dDLC
_dBD-RjUL
_beng
041 _aeng
082 0 0 _a301.32954
_bKUP 1975
100 1 _aKuppuswamy, Bangalore.
_9101973
245 1 0 _aPopulation and society in India /
_cB. Kuppuswamy.
260 _aBombay :
_bPopular Prakashan,
_c1975.
300 _avii, 136 p. ;
_c23 cm.
504 _aIncludes bibliogaphical reference and index.
650 0 _aCost and standard of living
_zIndia.
_9103951
651 0 _aIndia
_xPopulation.
_9103952
942 _2ddc
_cBK
999 _c34193
_d34193